00798 a2200145 4500003000500000005001700005040000900022082001600031100002600047245007600073260003800149300000800187505042800195650002900623Nust20230403111531.0 cNust a923.254,THE aMaguham, W. Somerset  aThe Memoirs of Aga Khan :bworld enough and time /cW. Somerset Maguham aLondonbCassell and companyc1954 a350 aChildhood and Youth (Page-1), My First European Tour (Page-7), Early Visit to the Middle East (Page-30), Nine Crowded (Page-57), London (Page-69), The First World War (Page-117), Post War (Page-130),The Islamic Concepts (Page-145), My Career on the Truf (Page-169),Towards (Page-192), My Work for the League (Page-206), The War Year (Page-235), Friends Old (Page-271), My Recent Travels (Page-307), Looking Back (Page-316). aThe memoirs of agha khan